MARC details
| 000 -LEADER |
| fixed length control field |
01852nam a2200481 i 4500 |
| 001 - CONTROL NUMBER |
| control field |
20232 |
| 003 - CONTROL NUMBER IDENTIFIER |
| control field |
CZ PrNK |
| 005 - DATE AND TIME OF LATEST TRANSACTION |
| control field |
20260120100437.0 |
| 007 - PHYSICAL DESCRIPTION FIXED FIELD--GENERAL INFORMATION |
| fixed length control field |
ta |
| 008 - FIXED-LENGTH DATA ELEMENTS--GENERAL INFORMATION |
| fixed length control field |
971121s1963 xr a g f 001 0 cze |
| 015 ## - NATIONAL BIBLIOGRAPHY NUMBER |
| National bibliography number |
cnb000129399 |
| 020 ## - INTERNATIONAL STANDARD BOOK NUMBER |
| Qualifying information |
(Vázáno) : |
| Terms of availability |
Kčs 26,50 |
| 035 ## - SYSTEM CONTROL NUMBER |
| System control number |
(OCoLC)42111002 |
| 040 ## - CATALOGING SOURCE |
| Original cataloging agency |
ABA001 |
| Language of cataloging |
cze |
| Transcribing agency |
OSA001 |
| Modifying agency |
ABA001 |
| Description conventions |
rda |
| 043 ## - GEOGRAPHIC AREA CODE |
| Geographic area code |
e-xr--- |
| 072 #7 - SUBJECT CATEGORY CODE |
| Subject category code |
58 |
| Subject category code subdivision |
Botanika |
| Source |
Konspekt |
| 080 ## - UNIVERSAL DECIMAL CLASSIFICATION NUMBER |
| Universal Decimal Classification number |
581.9(23.0) |
| Edition identifier |
MRF |
| 080 ## - UNIVERSAL DECIMAL CLASSIFICATION NUMBER |
| Universal Decimal Classification number |
581.9 |
| Edition identifier |
MRF |
| 080 ## - UNIVERSAL DECIMAL CLASSIFICATION NUMBER |
| Universal Decimal Classification number |
(437.3) |
| Edition identifier |
MRF |
| 080 ## - UNIVERSAL DECIMAL CLASSIFICATION NUMBER |
| Universal Decimal Classification number |
(084.42) |
| Edition identifier |
MRF |
| 100 1# - MAIN ENTRY--PERSONAL NAME |
| Personal name |
Svolinský, Karel, |
| Dates associated with a name |
1896-1986 |
| Relationship |
ill |
| 245 10 - TITLE STATEMENT |
| Title |
Horské rostliny / |
| Statement of responsibility, etc. |
sestavil Frant. A. Novák ; nakreslil Karel Svolinský |
| 250 ## - EDITION STATEMENT |
| Edition statement |
Vydání 3. (v NČSAV I.) |
| 264 #1 - PRODUCTION, PUBLICATION, DISTRIBUTION, MANUFACTURE, AND COPYRIGHT NOTICE |
| Place of production, publication, distribution, manufacture |
Praha : |
| Name of producer, publisher, distributor, manufacturer |
Nakladatelství Československé akademie věd, |
| Date of production, publication, distribution, manufacture, or copyright notice |
1963 |
| 300 ## - PHYSICAL DESCRIPTION |
| Extent |
115, xxiv stran : |
| Other physical details |
barevné ilustrace ; |
| Dimensions |
22 cm |
| 336 ## - CONTENT TYPE |
| Content type term |
text |
| Content type code |
txt |
| Source |
rdacontent |
| 336 ## - CONTENT TYPE |
| Content type term |
statický obraz |
| Content type code |
sti |
| Source |
rdacontent |
| 337 ## - MEDIA TYPE |
| Media type term |
bez média |
| Media type code |
n |
| Source |
rdamedia |
| 338 ## - CARRIER TYPE |
| Carrier type term |
svazek |
| Carrier type code |
nc |
| Source |
rdacarrier |
| 500 ## - GENERAL NOTE |
| General note |
23900 výtisků |
| 500 ## - GENERAL NOTE |
| General note |
Obsahuje rejstříky |
| 520 ## - SUMMARY, ETC. |
| Summary, etc. |
Jádro knihy, určené nejširší veřejnosti, tvoří 115 barevných, zčásti zmenšených obrázků našich horských a vysokohorských rostlin. Text uvádí český a latinský název, zeměpisnou oblast, vertikální rozšíření, podklad a údaje o rozkvétání. |
| 650 07 - SUBJECT ADDED ENTRY--TOPICAL TERM |
| Topical term or geographic name entry element |
horské rostliny |
| Geographic subdivision |
Česko |
| Source of heading or term |
czenas |
| 650 07 - SUBJECT ADDED ENTRY--TOPICAL TERM |
| Topical term or geographic name entry element |
flóra |
| Geographic subdivision |
Česko |
| Source of heading or term |
czenas |
| 650 09 - SUBJECT ADDED ENTRY--TOPICAL TERM |
| Topical term or geographic name entry element |
mountain plants |
| Geographic subdivision |
Czechia |
| Source of heading or term |
eczenas |
| 650 09 - SUBJECT ADDED ENTRY--TOPICAL TERM |
| Topical term or geographic name entry element |
flora |
| Geographic subdivision |
Czechia |
| Source of heading or term |
eczenas |
| 655 #7 - INDEX TERM--GENRE/FORM |
| Genre/form data or focus term |
atlasy |
| Source of term |
czenas |
| 655 #9 - INDEX TERM--GENRE/FORM |
| Genre/form data or focus term |
atlases |
| Source of term |
eczenas |
| 700 1# - ADDED ENTRY--PERSONAL NAME |
| Personal name |
Novák, František Antonín, |
| Dates associated with a name |
1892-1964 |
| Relationship |
com |
| 856 41 - ELECTRONIC LOCATION AND ACCESS |
| Uniform Resource Identifier |
<a href="http://krameriusndk.nkp.cz/search/handle/uuid:d0991be0-4060-11e3-9c86-005056827e51">http://krameriusndk.nkp.cz/search/handle/uuid:d0991be0-4060-11e3-9c86-005056827e51</a> |
| Link text |
Digitalizovaný dokument |
| 910 ## - USER-OPTION DATA (OCLC) |
| User-option data |
ABA001 |
| 942 ## - ADDED ENTRY ELEMENTS (KOHA) |
| Source of classification or shelving scheme |
Dewey Decimal Classification |
| Koha item type |
Odborná literatúra pre dospelých |
| Suppress in OPAC |
No |